| 000 | 00916nam a22002057a 4500 | ||
|---|---|---|---|
| 005 | 20131115165815.0 | ||
| 008 | 131115b2007 ck ||||| |||| 00| 0 spa d | ||
| 041 | _aspa | ||
| 044 | _ack | ||
| 090 |
_a IAVH _b01521 |
||
| 100 |
_aRuiz Guerra-Carlos Jose _92641 |
||
| 245 | _aSeguimiento de la comunidad de aves y evaluación de la eficacia biológica de las herramientas para el amnejo del paisaje implementadas en la Cuenca Media del río Chambery - Caldas | ||
| 260 |
_aCali _bInstituto de Investigación de Recursos Biológicos Alexander von Humboldt _c2007 |
||
| 300 |
_a38 p. _bil. _c27 cm |
||
| 500 | _aInforme tecnico | ||
| 520 | _aPresenta los resultados finales y actividades realizadas en la cuenca del rio chambery (Caldas), con el registro de 191 especies. | ||
| 650 |
_aBiodiversidad _zCuenca media río Chambery (Caldas) _92642 |
||
| 700 |
_aCifuentes Sarmiento- Yanira _92643 |
||
| 942 |
_2z _cImpreso |
||
| 999 |
_c7831 _d7831 |
||